[Event "Wch U12"]
[Site "Montesilvano"]
[Date "2024.11.26"]
[Round "11"]
[White "Golis, Wiktor"]
[Black "Sobirov, Afruzbek"]
[Result "1/2-1/2"]
[WhiteElo "2343"]
[BlackElo "1928"]
[PlyCount "131"]
[EventDate "2024.11.15"]
[EventType "swiss"]
[EventRounds "11"]
[EventCountry "ITA"]
[SourceTitle "CB48_2024"]
[SourceDate "2024.11.28"]
[SourceVersion "1"]
[SourceVersionDate "2024.11.28"]
[SourceQuality "1"]

1. d4 Nf6 2. c4 e6 3. Nf3 d5 4. Nc3 a6 5. cxd5 exd5 6. Qb3 c6 7. e4 dxe4 8. Ng5 Nd5 9. Bc4 Bb4 10. 0-0 Bxc3 11. bxc3 b5 12. Be2 0-0 13. Nxe4 Bf5 14. Bf3 Re8 15. Nc5 Nd7 16. Bxd5 cxd5 17. Qxd5 Nxc5 18. Qxf5 Ne4 19. Bb2 Qa5 20. Qh3 Nd2 21. Rfd1 Nc4 22. Bc1 Re2 23. Bh6 Re6 24. Bf4 Rae8 25. d5 Re4 26. Qg3 b4 27. f3 Qb6+ 28. Kh1 Re2 29. d6 Rd8 30. Bh6 g6 31. Qh4 Ne3 32. Bxe3 Rxe3 33. cxb4 Rxd6 34. Rxd6 Qxd6 35. h3 Rd3 36. Qe1 Rd2 37. a3 Qd4 38. Rc1 Kg7 39. Kh2 Qb2 40. Kh1 Rxg2 41. Qc3+ Qxc3 42. Rxc3 Ra2 43. Kg1 Kh6 44. f4 f5 45. Kf1 Kh5 46. Rc7 h6 47. Rc3 Kh4 48. Kg1 g5 49. fxg5 hxg5 50. Rf3 f4 51. Rc3 g4 52. hxg4 Kxg4 53. Kf1 f3 54. Rc8 Rxa3 55. Rg8+ Kf4 56. Rf8+ Ke3 57. Re8+ Kd4 58. Rc8 Rc3 59. Ra8 Rc6 60. Kf2 Kc4 61. Rb8 Rf6 62. Rb7 Kb3 63. Rb8 Kc4 64. Rb7 Kd5 65. b5 axb5 66. Rxb5+ 1/2-1/2

[Event "Wch U12"]
[Site "Montesilvano"]
[Date "2024.11.18"]
[Round "4"]
[White "Golis, Wiktor"]
[Black "Antipov, Fedor"]
[Result "1-0"]
[WhiteElo "2343"]
[BlackElo "1991"]
[PlyCount "93"]
[EventDate "2024.11.15"]
[EventType "swiss"]
[EventRounds "11"]
[EventCountry "ITA"]
[SourceTitle "CB48_2024"]
[SourceDate "2024.11.28"]
[SourceVersion "1"]
[SourceVersionDate "2024.11.28"]
[SourceQuality "1"]

1. e4 c5 2. Nf3 e6 3. d4 cxd4 4. Nxd4 Nc6 5. Bf4 d6 6. Nxc6 bxc6 7. Bd3 e5 8. Be3 Nf6 9. 0-0 Be7 10. c4 0-0 11. Nc3 Be6 12. Qe2 Qc7 13. Rfd1 Rad8 14. Rac1 Qb7 15. b3 Rfe8 16. h3 Rd7 17. c5 d5 18. exd5 Nxd5 19. Nxd5 Bxd5 20. Bf5 Rdd8 21. Bd3 Qc8 22. Qg4 Qxg4 23. hxg4 Rd7 24. Rd2 Red8 25. Rcd1 Kf8 26. b4 Ke8 27. b5 e4 28. Be2 Bxa2 29. bxc6 Rxd2 30. Bxd2 Bxc5 31. c7 Rc8 32. Bf4 Bb6 33. Ba6 Rxc7 34. Bb5+ Kf8 35. Rd8+ Ke7 36. Bxc7 Bxc7 37. Rd7+ Kf6 38. Rxc7 Be6 39. Bc4 Bxg4 40. Rxf7+ Kg6 41. Rxa7 h5 42. Bd5 Bf5 43. Ra4 Kg5 44. Bxe4 Bd7 45. Ra5+ Kh4 46. g3+ Kg4 47. Kg2 1-0